Statistics for Top 20 Football Clubs in Europe (with a map)

Click here to take the quiz!

General Stats

  • This quiz has been taken 1,242 times
  • The average score is 18 of 20

Answer Stats

Points Club % Correct
382Real Madrid
99%
321FC Barcelona
99%
214Manchester United
98%
173Liverpool
98%
163Manchester City
97%
174Paris Saint-Germain
97%
297Bayern Munich
97%
199Arsenal
95%
227Chelsea
95%
146AC Milan
95%
208Juventus
93%
202FC Porto
93%
235Atl├ętico Madrid
92%
160Borussia Dortmund
90%
146Ajax
89%
148Olympique Lyonnais
87%
168Sevilla
83%
193S.L. Benfica
80%
152Shakhtar Donetsk
62%
144FC Schalke 04
57%

Score Distribution

Percentile by Number Answered

Percent of People with Each Score

Your Score History

You have not taken this quiz